Questions générales sur One Piece (moyen) - Statistiques

Statistiques générales
  • Ce quiz a été pris 732 fois
  • Le résultat moyen est 7 sur 12
Statistiques - réponses
Question Réponse % Correct
Combien existe-t-il de bêtes gardiennes à Impel Down ? 5
92%
Quelle est la différence de taille entre Kuma et Moria (en cm) ? 3
87%
Quelle somme (en millions) Nami devait-elle verser à Arlong pour libérer Kokoyashi ? 100
84%
En quel animal Drophy (Miss Merry Christmas) peut se transformer ? Taupe
80%
Qui est le commandant de la 5ème flotte de Barbe Blanche ? Vista
68%
Quelle Supernova avait une prime de 140 millions sur l'archipel des Sabaody ? Bonney
64%
Quel est l'âge de Shanks (après ellipse) ? 39
61%
Combien d'enfants Big Mom a-t-elle ? 85
46%
Quel est le nom des crocodiles géants visibles dans l'arc Alabasta ? Banana-Croco
43%
Combien d'ennemis Higuma aurait-il selon lui éliminé ? 56
23%
Comment s'appelle le frère adoptif de Sabo ? Stelly
19%
Les Yetis Cool Brothers se nomment Scotch et ... ? Rock
16%
Aucun quiz correspondant
Distribution des résultats
% des personnes avec chaque résultat
Percentile par nombre de réponses
Votre historique - résultats
Vous n’avez pas pris ce quiz